| 000 | 00435nam a2200169Ia 4500 | ||
|---|---|---|---|
| 001 | 12660 | ||
| 005 | 20260306162957.0 | ||
| 008 | 260306t2022||||xx |||||||||||||| ||spa|| | ||
| 041 | _aESP | ||
| 082 |
_aHR 620 _bV. 13 N° 6 2022 IST |
||
| 245 | 0 | _aACM transactions on intelligent systems and technology | |
| 260 | _c2022 | ||
| 300 |
_avarias paginaciones : _c25 cm. |
||
| 650 | _aGEN | ||
| 654 | _aCET | ||
| 942 |
_cREV _dJUS _fJUS _2ddc _n |
||
| 999 |
_c12660 _d12660 |
||